000 00695nam a2200253 i 4500
001 C2-0238097
003 PPAK
005 20180727201342.0
008 020325s2002 my |||| ||||| | may d
020 _a9836272607
040 _aPPAK
_beng
_cPPAK
_erda
082 0 4 _a899.2313
_223
090 0 0 _a899.2313
_bKHY
_dG
100 0 _aKhyrun Anuar Zainol,
_eauthor
245 1 0 _aPermulaan fajar :
_bantologi puisi remaja
264 1 _aKuala Lumpur :
_bDewan Bahasa dan Pustaka ,
_c2002
300 _axviii, 91 pages ;
_c22 cm
336 _2rdacontent
_atext
337 _2rdamedia
_aunmediated
338 _2rdacarrier
_avolume
650 1 0 _aMalay poetry
700 _eauthor
942 _ddc
_cB
999 _c53571
_d53571